Hygiena a čistota v cestovním ruchu

Saved in:
Bibliographic Details
Main Author: Čech, Jiří
Format: Book
Language:Czech
Published: Praha Merkur 1983
Tags: Add Tag
No Tags, Be the first to tag this record!

MARC

LEADER 00000nam a2200000 4500
001 c133814
005 20041019155259.3
041 0 |a cze 
044 |a CZ 
245 1 0 |a Hygiena a čistota v cestovním ruchu  |c Jiří Čech a kol. 
264 1 |a Praha  |b Merkur  |c 1983 
300 |a 237 s. 
100 1 |a Čech, Jiří